| 000 | 00736cam a22002055a 4500 | ||
|---|---|---|---|
| 001 | ##J100709 | ||
| 008 | 000000s1909 000 0 eng u | ||
| 035 | _a(Sirsi) u100709 | ||
| 041 | 0 | _aeng | |
| 050 | 0 | 4 | _a695.2 $2 18 |
| 110 | 2 |
_aQuantity Surveyors' Association _93787 |
|
| 245 | 0 | 0 | _aSlating and roof tiling |
| 260 |
_aLondon _bQuantity Surveyors' Association _c1909 |
||
| 300 |
_a6p. _c21cm. |
||
| 490 | 0 |
_aUniformity of custom _v1 |
|
| 520 | _aDescribes the standard system of measurement of slating and roof tiling as agreed by the Council of the Quantity Surveyors' Association. | ||
| 651 | 4 |
_aGreat Britain _y1707- |
|
| 690 | _aBUILT ENVIRONMENT-BUILDING MAINTENANCE AND REFURBISHMENT-BUILDING CONSERVATION | ||
| 942 | _n0 | ||
| 999 |
_c99767 _d99767 |
||